Die kluge Isabella : [ein Märchen aus dem Goldenen Gässchen zu Prag] /

Hlavní autor: Salfellner, Harald, 1962-
Další autoři: Hruška, Karel, 1930-2015
Jazyk: Němčina
Vydáno: Prag : Vitalis, 1999
Vydání: 1. Aufl.
Témata:
Externí odkaz: Digitalizovaný dokument
Fyzický popis: 39 s. : barev. il. ; 21 cm
Knihy
Uloženo v:
LEADER 01316nam a2200337 a 4500
001 000001813
003 CZ BrMZK
005 20171030125903.0
007 ta
008 990305s1999 xr f ger d
015 |a cnb000737661 
020 |a 80-85938-03-0 
035 |a (OCoLC)42820755 
040 |a BOA001  |b cze 
072 7 |a 821.112.2-3  |x Německá próza, německy psaná  |2 Konspekt  |9 25 
072 7 |a 821-93  |x Literatura pro děti a mládež (beletrie)  |2 Konspekt  |9 26 
080 |a 821.162.3-34  |2 MRF 
080 |a 821-93  |2 MRF 
080 |a (0:82-34)  |2 MRF 
100 1 |a Salfellner, Harald,  |d 1962-  |7 jn20001005715  |4 aut 
245 1 4 |a Die kluge Isabella :  |b [ein Märchen aus dem Goldenen Gässchen zu Prag] /  |c Harald Salfellner ; [Illustrationen: Karel Hruška] 
250 |a 1. Aufl. 
260 |a Prag :  |b Vitalis,  |c 1999 
300 |a 39 s. :  |b barev. il. ;  |c 21 cm 
655 7 |a německé pohádky  |7 fd132941  |2 czenas 
655 7 |a publikace pro děti  |7 fd133156  |2 czenas 
700 1 |a Hruška, Karel,  |d 1930-2015  |7 jk01043044  |4 ill 
856 4 1 |u http://www.digitalniknihovna.cz/mzk/uuid/uuid:d35fac40-6c0f-11e5-9e57-005056827e52  |y Digitalizovaný dokument  |x NDK 
910 |a BOA001  |b 2-1061.954 
990 |a BK 
996 6 |b 2610097032  |c 2-1061.954  |l MZK  |r Sklad / do 1 hodiny  |n 2  |p p.v.  |w 000001813  |u 000010  |a 1  |e BOA001  |j MZK50  |s P